جرائم الأطفال في ضوء القانون رقم 126 لسنة 2008 والمعدل للقانون 12 لسنة 96 بشان الطفل : (Record no. 25967)
[ view plain ]
| 000 -الفاتح | |
|---|---|
| حقل البيانات ثابتة الطول | 02170nam a22003015a 4500 |
| 003 - محدد رقم الضبط | |
| رقم الضبط | OSt |
| 005 - وقت وتاريخ اخر تعامل مع التسجيلة | |
| رقم الضبط | 20180121115607.0 |
| 008 - عناصر البيانات ثابتة الطول - معلومات عامة | |
| حقل البيانات ثابتة الطول | 180121s2018 ua frb 000 0 ara d |
| 017 ## - رقم الإيداع القانونى | |
| رقم الإيداع القانونى | 2017 / 26831 |
| 020 ## - الرقم الدولى المعيارى للكتب | |
| الرقم الدولى المعيارى للكتاب | 9789774002394 |
| 040 ## - مصدر الفهرسة | |
| وكالة الفهرسة الأصلية | EG-ScBUE |
| لغة الفهرسة | ara |
| وكالة النسخ | EG-ScBUE |
| 043 ## - رمز المنطقة الجغرافية | |
| رمز المنطقة الجغرافية | f-ua--- |
| 082 04 - رقم تصنيف ديوى العشرى | |
| رقم التصنيف | 345.6208 |
| رقم المادة | خ ي ا |
| رقم الطبعة | 22 |
| 100 1# - المدخل الرئيسى - إسم شخصى | |
| الإسم الشخصى | خياط، محمد إبراهيم. |
| 245 10 - بيان العنوان | |
| العنوان | جرائم الأطفال في ضوء القانون رقم 126 لسنة 2008 والمعدل للقانون 12 لسنة 96 بشان الطفل : |
| بقية العنوان | معلقا عليها بأحدث أحكام محكمة النقض / |
| بيان المسئوليه,etc | محمد إبراهيم الخياط. |
| 250 ## - بيان الطبعة | |
| بيان الطبعة | ط. 1. |
| 260 ## - PUBLICATION, DISTRIBUTION, ETC. (IMPRINT) | |
| مكان الناشر او الموزع | القاهرة : |
| اسم الناشر او الموزع | دار محمود للنشر والتوزيع، |
| تاريخ النشر أو التوزيع | 2018. |
| 300 ## - الوصف المادى | |
| التعداد | 250 ص. ؛ |
| أبعاد الوعاء | 24 سم. |
| 504 ## - تبصرة ببليوجرافية | |
| تبصرة ببليوجرافية,الخ | يشتمل على إرجاعات ببليوجرافية. |
| 520 0# - التبصرة الخاصة بالتعليق أو التلخيص | |
| ملخص,الخ | مشكلة جناح الأطفال - المسئولية الجنائية للطفل - مسئولية الطفل في الشريعة الإسلامية - مسئولية الطفل في القانون المصري والتشريعات المختلفة - التدابير التي توقع على الأطفال - الأحكام الإجرائية لمحاكمة الأطفال - مرحلة محاكمة الأطفال - تشكيل محاكم الأحداث اختصاص محكمة الأحداث - الإجراءات المتبعة أمام محكمة الأحداث - الاستثناءات الخاصة بقانون الأحداث - الاستعانة بمدافع عن الحدث - طرق الطعن في الأحكام - المعارضة الاستئناف - النقض - جميع أحكام النقض المتعلقة بجرائم الأحداث - الاتفاقيات الدولية الموقعة عليها مصر. |
| 541 ## - تبصرة المصدر المباشر للتزويد | |
| مصدر التزويد | أ. محمد الخياط ؛ |
| طريقة التزويد | إهداء ؛ |
| 650 #7 - المدخل الاضافى بالموضوع-مصطلح موضوعى | |
| مصطلح موضوعي أو اسم جغرافي كعنصر مدخل | جناح الأحداث |
| التقسيم الفرعي العام | قوانين وتشريعات |
| التقسيم الفرعي الجغرافي | مصر. |
| مصدر الرأس أو المصطلح | BUEsh |
| 650 #7 - المدخل الاضافى بالموضوع-مصطلح موضوعى | |
| مصطلح موضوعي أو اسم جغرافي كعنصر مدخل | جناح الأحداث (فقه إسلامي) |
| مصدر الرأس أو المصطلح | BUEsh |
| 650 #7 - المدخل الاضافى بالموضوع-مصطلح موضوعى | |
| مصطلح موضوعي أو اسم جغرافي كعنصر مدخل | الجريمة والمجرمون |
| التقسيم الفرعي الجغرافي | مصر. |
| مصدر الرأس أو المصطلح | BUEsh |
| 9 (RLIN) | 41139 |
| 651 ## - المدخل الاضافى بالموضوع - اسم جغرافى | |
| مصدر الرأس أو المصطلح | BUEsh |
| 653 ## - مصطلح تكشيفى غير مقيد | |
| Resource For college | Law |
| Arrived date list | January2018 |
| 942 ## - عناصر المدخل الإضافي( كوها) | |
| مصدر التصنيف او مخطط الترفيف | Dewey Decimal Classification |
| حالة التراجع | حالة الفقد | مصدر التصنيف او خطة الترفيف | حالة تلف | ليس للاعارة | مجموعات كوها | المكان الدائم | المكان الحالي | موقع الترفيف | تاريخ الاكتساب | Source of acquisition | رقم الاستدعاء | الباركود | Date last seen | مُعار | تبصرة غير عامة( المفوع للعناصر المفقوده) | نوع الوعاء |
|---|---|---|---|---|---|---|---|---|---|---|---|---|---|---|---|---|
| Dewey Decimal Classification | Donation-Gift | Central Library | Central Library | First floor | 21/01/2018 | Donation | 345.6208 خ ي ا | 000042857 | 15/07/2025 | 06/03/2018 | إهداء من أ. محمد الخياط | Book - Borrowing | ||||
| Dewey Decimal Classification | Donation-Gift | Central Library | Central Library | First floor | 21/01/2018 | Donation | 345.6208 خ ي ا | 000042858 | 18/10/2025 | 08/04/2025 | إهداء من أ. محمد الخياط | Book - Borrowing |